Mujeres del oeste /
Guardado en:
| Autor Principal: | |
|---|---|
| Formato: | Libro |
| Idioma: | Spanish |
| Publicado: |
Buenos Aires :
Tres tiempos,
1981.
|
| Series: | Libros del Hoy candente. La década de la mujer, 2
|
| Etiquetas: |
Agregar Etiqueta
Sin Etiquetas, Sea el primero en etiquetar este registro!
|
| LEADER | 00471nam a22001575a 4500 | ||
|---|---|---|---|
| 001 | EUN.um024784 | ||
| 003 | AR-BaUNS | ||
| 005 | 20050623122902.0 | ||
| 008 | 041125s1981####ag############000#0#spa#d | ||
| 245 | 1 | 0 | |a Mujeres del oeste / |c Dorothy Gray. |
| 260 | |a Buenos Aires : |b Tres tiempos, |c 1981. | ||
| 300 | |a 253 p. | ||
| 490 | 0 | |a Libros del Hoy candente. La década de la mujer, 2 | |
| 100 | 1 | |a Gray, Dorothy. | |
| 082 | 0 | 4 | |a 396 |
| 859 | |a Ar-BaUNS |b BIB. CENTRAL - Sector C |h 396 |i G791 |p 90815/983 | ||
